Última palabra en canciones de Soda Stereo - Estadísticas

Estadísticas generales
  • Esta prueba ha sido intentada 54 veces
  • La puntuación promedio es 14 de 15
Estadísticas de respuestas
Hint Respuesta % Correcto
Entre Canibales
100%
Tratame Suavemente
100%
Hombre al Agua
97%
El ritmo de tus Ojos
97%
Paseando por Roma
97%
Cae el Sol
97%
Persiana Americana
95%
Canción Animal
92%
Imagenes Retro
92%
Sobredosis de Tv
92%
Corazón Delator
89%
Te hacen falta Vitaminas
89%
Disco Eterno
87%
Danza Rota
84%
Ángel Electrico
79%
No se encontraron pruebas coincidentes
Distribución de puntuación
Porcentaje de gente con cada puntuación
Porcentaje por número respondido
Historial de tus puntuaciones
No has intentado esta prueba.